Reglamentaciones Nacionales de Trabajo y Legislación Laboral. (Record no. 125843)

MARC details
000 -LEADER
campo de control de longitud fija 00906nam a2200241 4500
001 - NÚMERO DE CONTROL
campo de control 125843
003 - IDENTIFICADOR DE NÚMERO DE CONTROL
campo de control ES-MaACL
005 - FECHA Y HORA DE LA ÚLTIMA TRANSACCIÓN
campo de control 20250827062625.0
007 - CAMPO FIJO DE DESCRIPCIÓN FÍSICA--INFORMACIÓN GENERAL
campo de control de longitud fija t|
008 - DATOS DE LONGITUD FIJA--INFORMACIÓN GENERAL
campo de control de longitud fija 070214s1960 sp r ||||1| spa d
110 1# - ENTRADA PRINCIPAL--NOMBRE DE ENTIDAD CORPORATIVA
Nombre de entidad corporativa o nombre de jurisdicción como elemento de entrada España
9 (RLIN) 3622
130 0# - ENTRADA PRINCIPAL--TÍTULO UNIFORME
Título uniforme [Leyes, etc., laborales]
9 (RLIN) 219076
245 10 - MENCIÓN DEL TÍTULO
Título Reglamentaciones Nacionales de Trabajo y Legislación Laboral.
Número de parte o sección de la obra , . II.
260 ## - PUBLICACIÓN, DISTRIBUCIÓN, ETC.
Lugar de publicación, distribución, etc. Madrid :
Nombre del editor, distribuidor, etc. [s. n.],
Fecha de publicación, distribución, etc. 1960 (
Fabricante Gráf. Zaragoza)
300 ## - DESCRIPCIÓN FÍSICA
Extensión 36 p. ;
Dimensiones 27 cm.
505 8# - NOTA DE CONTENIDO CON FORMATO
Nota de contenido con formato Contiene: Fuero del Trabajo ; Reglamento de Seguridad e Higiene; Ley y Reglamento de la Dependencia Mercantil ; Iluminación de los centros de trabajo
740 0# - ENTRADA AGREGADA--TÍTULO RELACIONADO/ANALÍTICO NO CONTROLADO
Título relacionado o analítico no controlado Fuero del Trabajo.
740 0# - ENTRADA AGREGADA--TÍTULO RELACIONADO/ANALÍTICO NO CONTROLADO
Título relacionado o analítico no controlado Reglamento de Seguridad e Higiene.
740 0# - ENTRADA AGREGADA--TÍTULO RELACIONADO/ANALÍTICO NO CONTROLADO
Título relacionado o analítico no controlado Ley y Reglamento de la Dependencia Mercantil.
740 0# - ENTRADA AGREGADA--TÍTULO RELACIONADO/ANALÍTICO NO CONTROLADO
Título relacionado o analítico no controlado Iluminación de los centros de trabajo.
852 ## - LOCALIZACIÓN
Ubicación ES-MaACL
Número de control de estantería 2018-F-25
Sublocalización o colección R.45859
Holdings
Estatus retirado Estado de pérdida Estado de daño No para préstamo Colección Biblioteca de origen Biblioteca actual Ubicación en estantería Fecha de adquisición Fuente de adquisición Total de préstamos Signatura topográfica completa Código de barras Visto por última vez Precio de reemplazo Tipo de ítem Koha
        Colección de folletos Biblioteca del Ateneo de Madrid Biblioteca del Ateneo de Madrid Depósito folletos 17/01/2008     2018-F-25 1131089 23/02/2023 23/02/2023 Folleto